UM Logo

Achievement is not class-neutral : (Record no. 20546)

MARC details
000 -LEADER
fixed length control field 01005nam a22002177a 4500
005 - DATE AND TIME OF LATEST TRANSACTION
control field 20250909133338.0
008 - FIXED-LENGTH DATA ELEMENTS--GENERAL INFORMATION
fixed length control field 240816b ||||| |||| 00| 0 eng d
082 ## - DEWEY DECIMAL CLASSIFICATION NUMBER
Classification number DPer 155.205 J826 July-September 2020 v. 119 n. 1-3
100 ## - MAIN ENTRY--PERSONAL NAME
Personal name Dittmann, Andrea G.
Relator term author.
9 (RLIN) 58041
245 ## - TITLE STATEMENT
Title Achievement is not class-neutral :
Remainder of title working together benefits people from working-class contexts /
Statement of responsibility, etc. Andrea G. Dittmann, Nicole M. Stephens, and Sarah S. M. Townsend.
260 ## - PUBLICATION, DISTRIBUTION, ETC. (IMPRINT)
Place of publication, distribution, etc. Washington ;
Name of publisher, distributor, etc. American Psychological Association ,
Date of publication, distribution, etc. September 2020.
300 ## - PHYSICAL DESCRIPTION
Extent Volume 119, pages 517-539 :
Other physical details illustration ;
Dimensions 27 cm.
500 ## - GENERAL NOTE
General note Journal of Personality and Social Psychology , vol. 119, no. 3, pages 517-539, September 2020.
650 ## - SUBJECT ADDED ENTRY--TOPICAL TERM
Topical term or geographic name as entry element Social Pyschology.
9 (RLIN) 60955
650 ## - SUBJECT ADDED ENTRY--TOPICAL TERM
Topical term or geographic name as entry element Culture.
9 (RLIN) 60956
650 ## - SUBJECT ADDED ENTRY--TOPICAL TERM
Topical term or geographic name as entry element Social classes.
9 (RLIN) 49799
700 ## - ADDED ENTRY--PERSONAL NAME
Personal name Dittmann, Andrea G.
Relator term author.
9 (RLIN) 58041
700 ## - ADDED ENTRY--PERSONAL NAME
Personal name Stephens, Nicole M.
Relator term author.
9 (RLIN) 58042
700 ## - ADDED ENTRY--PERSONAL NAME
Personal name Townsend, Sarah S. M.
Relator term author.
9 (RLIN) 58043
942 ## - ADDED ENTRY ELEMENTS (KOHA)
Source of classification or shelving scheme Dewey Decimal Classification
Koha item type Periodicals
Holdings
Withdrawn status Lost status Source of classification or shelving scheme Damaged status Not for loan Collection code Home library Current library Date acquired Total Checkouts Full call number Date last seen Price effective from Koha item type Public note
    Dewey Decimal Classification     Periodicals UM Digos College - LIC UM Digos College - LIC 08/16/2024   DPer 155.205 J826 July-September 2020 v. 119 n. 1-3 08/16/2024 08/16/2024 Periodicals Periodical Article